000
00244nam a22001097a 4500
082
_a
355 ATT'S
100
_a
ATTIQ-UR-REHMAN
_9
10102
245
_a
SIP SLOWLY
260
_a
RAWALPINDI
_b
ARMY EDUCATION PRESS
_c
1990
300
_a
150P
942
_c
BK
999
_c
579363
_d
579363